000 003870000a22001330004500
005 20240605111414.0
008 230817t ||||| |||| 00| 0 eng d
082 _a305.43
_bREP
245 _aReport of a joint workshop on women in management
260 _aDehiwala:
_bPostgraduate Institute of Management,
_c1987
300 _a85 p.
650 _aWOMEN IN MANAGEMENT-Sri Lanka
942 _cRP
999 _c2551
_d2551